[Event "Budapest FS12 IM"]
[Site "Budapest"]
[Date "2021.12.06"]
[Round "3"]
[White "Aditya, Bikram Paul"]
[Black "Olenik Campa, Rudi"]
[Result "1/2-1/2"]
[WhiteElo "2281"]
[BlackElo "2102"]
[PlyCount "104"]
[EventDate "2021.12.04"]
[EventType "tourn"]
[EventRounds "9"]
[EventCountry "HUN"]
[SourceTitle "CBM 205 Extra"]
[Source "ChessBase"]
[SourceDate "2022.01.31"]
[SourceVersion "1"]
[SourceVersionDate "2022.01.31"]
[SourceQuality "1"]

1. d4 Nf6 2. c4 e6 3. g3 d5 4. Nf3 Bb4+ 5. Bd2 Be7 6. Bg2 0-0 7. 0-0 c6 8. Qc2 Nbd7 9. Bf4 b6 10. cxd5 cxd5 11. Nc3 Nh5 12. Be3 Bb7 13. Ne5 Nhf6 14. Qa4 Nxe5 15. dxe5 Nd7 16. Bd4 a6 17. e4 b5 18. Qb3 Bc5 19. Rfd1 Qb6 20. Bxc5 Nxc5 21. Qb4 Nxe4 22. Nxe4 dxe4 23. Rd6 Qc7 24. Bxe4 a5 25. Qd4 Bxe4 26. Qxe4 Rac8 27. Rad1 h6 28. R1d2 Qc4 29. Qxc4 Rxc4 30. f4 Rfc8 31. Kf2 g5 32. Kf3 gxf4 33. gxf4 Rc2 34. f5 Rxd2 35. Rxd2 Rc5 36. Re2 exf5 37. Kf4 Kf8 38. Kxf5 Ke7 39. Rg2 Rc1 40. Rd2 Rf1+ 41. Ke4 Re1+ 42. Kd5 Rc1 43. a3 b4 44. axb4 axb4 45. h3 f6 46. exf6+ Kxf6 47. Rd3 Rf1 48. Rb3 Rf4 49. Kc5 Rh4 50. Kd5 h5 51. Rd3 Kg5 52. b3 Rf4 1/2-1/2

[Event "Budapest FS12 IM"]
[Site "Budapest"]
[Date "2021.12.05"]
[Round "2"]
[White "Ilincic, Zlatko"]
[Black "Aditya, Bikram Paul"]
[Result "1-0"]
[WhiteElo "2319"]
[BlackElo "2281"]
[PlyCount "57"]
[EventDate "2021.12.04"]
[EventType "tourn"]
[EventRounds "9"]
[EventCountry "HUN"]
[SourceTitle "CBM 205 Extra"]
[Source "ChessBase"]
[SourceDate "2022.01.31"]
[SourceVersion "1"]
[SourceVersionDate "2022.01.31"]
[SourceQuality "1"]

1. d4 Nf6 2. c4 e6 3. g3 d5 4. Bg2 Be7 5. Nf3 0-0 6. 0-0 dxc4 7. Qc2 a6 8. a4 Bd7 9. Qxc4 Bc6 10. Bg5 b5 11. Qc1 Bb7 12. Nbd2 Nbd7 13. Nb3 Bd5 14. Bxf6 Bxf6 15. Qc2 Rb8 16. Nfd2 bxa4 17. Rxa4 Nb6 18. Rxa6 Bxg2 19. Kxg2 Bxd4 20. Nf3 Bf6 21. Rd1 Nd5 22. e4 Nb4 23. Rxd8 Nxc2 24. Rxb8 Rxb8 25. Na5 Bxb2 26. Nc6 Re8 27. Ra2 Ne3+ 28. fxe3 Bf6 29. e5 1-0

[Event "Vojvodina op 11th"]
[Site "Novi Sad"]
[Date "2021.07.30"]
[Round "8"]
[White "Aditya, Bikram Paul"]
[Black "Gagic, Milan A"]
[Result "0-1"]
[WhiteElo "1964"]
[BlackElo "2180"]
[PlyCount "26"]
[EventDate "2021.07.25"]
[EventType "swiss"]
[EventRounds "9"]
[EventCountry "SRB"]
[SourceTitle "CBM 203 Extra"]
[Source "ChessBase"]
[SourceDate "2021.09.30"]
[SourceVersion "1"]
[SourceVersionDate "2021.09.30"]
[SourceQuality "1"]

1. c4 Nf6 2. g3 e6 3. Bg2 d5 4. Nf3 dxc4 5. Qa4+ Nbd7 6. Qxc4 a6 7. Qc2 c5 8. 0-0 b5 9. a4 Bb7 10. axb5 axb5 11. Rxa8 Bxa8 12. d4 Be4 13. Qb3 Bxb1 0-1

[Event "Novi Sad Put Svile Schev"]
[Site "Novi Sad"]
[Date "2021.??.??"]
[Round "4"]
[White "Aditya, Bikram Paul"]
[Black "Petricevic, Vedran"]
[Result "1-0"]
[WhiteElo "1964"]
[BlackElo "1691"]
[PlyCount "37"]
[EventDate "2021.07.20"]
[EventType "schev"]
[EventRounds "8"]
[EventCountry "SRB"]
[SourceTitle "EXT 2022"]
[Source "ChessBase"]
[SourceDate "2021.10.06"]
[SourceVersion "1"]
[SourceVersionDate "2021.10.06"]
[SourceQuality "1"]
[WhiteTeam "Theam B"]
[BlackTeam "Theam A"]
[WhiteTeamCountry "SRB"]
[BlackTeamCountry "SRB"]

1. d4 d5 2. c4 e6 3. g3 Nf6 4. Bg2 Be7 5. Nf3 0-0 6. 0-0 c6 7. Nc3 b6 8. Nd2 Bb7 9. e4 Na6 10. cxd5 cxd5 11. e5 Nd7 12. a3 Qc7 13. f4 g6 14. g4 Rfe8 15. f5 Bf8 16. Nf3 Ndb8 17. Ng5 Bc8 18. fxe6 fxe6 19. Nxd5 1-0

[Event "FISCA Online op"]
[Site "Chess.com INT"]
[Date "2020.06.21"]
[Round "3"]
[White "Aditya, Bikram Paul"]
[Black "Yoo, Christopher Woojin"]
[Result "0-1"]
[WhiteElo "1964"]
[BlackElo "2455"]
[PlyCount "110"]
[EventDate "2020.06.19"]
[EventType "swiss"]
[EventRounds "9"]
[EventCountry "ROU"]
[SourceTitle "CBM 197 Extra"]
[Source "ChessBase"]
[SourceDate "2020.09.30"]
[SourceVersion "1"]
[SourceVersionDate "2020.09.30"]
[SourceQuality "1"]

1. d4 Nf6 2. c4 g6 3. Nf3 Bg7 4. g3 d5 5. cxd5 Nxd5 6. Bg2 Nb6 7. Nc3 Nc6 8. e3 e5 9. d5 Ne7 10. e4 c6 11. d6 Ng8 12. b3 f6 13. 0-0 Nh6 14. Ba3 Nf7 15. Qc2 Bg4 16. h3 Be6 17. Rad1 Qd7 18. Kh2 Bf8 19. Rd3 Rd8 20. Rfd1 Nc8 21. Nd2 Bxd6 22. Nc4 Bxc4 23. bxc4 b6 24. c5 bxc5 25. Na4 0-0 26. Nxc5 Qe7 27. h4 f5 28. Qb3 Bxc5 29. Rxd8 Bxa3 30. R1d7 Rxd8 31. Rxe7 Bxe7 32. exf5 gxf5 33. Bxc6 Ncd6 34. Qe6 Kf8 35. Bd5 a5 36. Bb3 f4 37. Qd5 fxg3+ 38. fxg3 e4 39. Qxa5 e3 40. Qb6 Nf5 41. Qe6 N7h6 42. Kh3 Rd6 43. Qc8+ Kg7 44. Qc3+ Bf6 45. Qc7+ Be7 46. Qc3+ Rd4 47. Qc7 Re4 48. Qc3+ Bf6 49. Qd3 Re7 50. Bd1 Nd4 51. a4 e2 52. Bxe2 Nxe2 53. a5 Bd4 54. Qc4 Nf5 55. Qd5 Ng1+ 0-1

[Event "Arco op 41st"]
[Site "Arco"]
[Date "2019.10.09"]
[Round "6"]
[White "Felgendreher, Heiko"]
[Black "Aditya, Bikram Paul"]
[Result "1/2-1/2"]
[WhiteElo "2196"]
[BlackElo "1794"]
[PlyCount "108"]
[EventDate "2019.10.04"]
[EventType "swiss"]
[EventRounds "9"]
[EventCountry "ITA"]
[SourceTitle "EXT 2020"]
[Source "ChessBase"]
[SourceDate "2019.10.17"]
[SourceVersion "1"]
[SourceVersionDate "2019.10.17"]
[SourceQuality "1"]

1. e4 c5 2. Nf3 e6 3. d4 cxd4 4. Nxd4 Nf6 5. Nc3 Nc6 6. Ndb5 Bb4 7. a3 Bxc3+ 8. Nxc3 d5 9. exd5 exd5 10. Bd3 d4 11. Qe2+ Be6 12. Ne4 Nxe4 13. Qxe4 Qd5 14. 0-0 Qxe4 15. Bxe4 0-0-0 16. Re1 Rhe8 17. Bf4 h6 18. h4 Ne7 19. Rad1 Bf5 20. Bf3 Bxc2 21. Rc1 d3 22. Bd1 Nf5 23. Rxe8 Rxe8 24. Bxc2 dxc2 25. Rxc2+ Kd8 26. g3 Re4 27. Bb8 Nd4 28. Rc5 Nc6 29. Bf4 Ke7 30. Kg2 Re2 31. b4 Ra2 32. b5 Na5 33. Be3 Rxa3 34. Rc7+ Ke6 35. Bxa7 Rb3 36. Bd4 g6 37. b6 Nc6 38. Be3 Nd8 39. Rc8 Kd7 40. Rc7+ Ke6 41. Kh3 h5 42. Bg5 f6 43. Be3 Rd3 44. Rg7 Kf5 45. Re7 Rd5 46. Kg2 Rd3 47. Kf1 Rd6 48. Kg2 Rd5 49. Kh3 Re5 50. Rd7 Re8 51. Kg2 Ke6 52. Rg7 Kf5 53. Kf3 Rf8 54. Re7 Rf7 1/2-1/2

[Event "Arco op 41st"]
[Site "Arco"]
[Date "2019.10.06"]
[Round "3"]
[White "Aditya, Bikram Paul"]
[Black "Lagrotteria, Salvatore"]
[Result "1/2-1/2"]
[WhiteElo "1794"]
[BlackElo "1986"]
[PlyCount "100"]
[EventDate "2019.10.04"]
[EventType "swiss"]
[EventRounds "9"]
[EventCountry "ITA"]
[SourceTitle "EXT 2020"]
[Source "ChessBase"]
[SourceDate "2019.10.17"]
[SourceVersion "1"]
[SourceVersionDate "2019.10.17"]
[SourceQuality "1"]

1. c4 Nf6 2. g3 e6 3. Bg2 d5 4. Nf3 Be7 5. 0-0 0-0 6. b3 c5 7. cxd5 Nxd5 8. Bb2 b6 9. Nc3 Bb7 10. Nxd5 Bxd5 11. Re1 Na6 12. e4 Bb7 13. Qe2 Nb4 14. d4 Ba6 15. Qd2 Nd3 16. Red1 cxd4 17. Bxd4 e5 18. Bf1 exd4 19. Bxd3 Bb7 20. Rac1 Rc8 21. Rxc8 Qxc8 22. Nxd4 Rd8 23. Nf5 Bf6 24. Qe2 Qe6 25. f3 h5 26. Bc4 Rxd1+ 27. Qxd1 Qc6 28. Nd6 Qd7 29. Qd3 Be5 30. Nxb7 Qxb7 31. Qd8+ Kh7 32. f4 Bf6 33. Qd3 g6 34. e5 Be7 35. Bd5 Qc7 36. Kg2 Kg7 37. Bc4 Qc6+ 38. Qf3 Qc7 39. Qd5 Bc5 40. e6 Qd6 41. Qxd6 Bxd6 42. exf7 h4 43. Kf3 hxg3 44. hxg3 Kf6 45. Ke4 g5 46. fxg5+ Kg7 47. Kd5 Bc5 48. Ba6 Kxf7 49. Kc6 Kg6 50. Kb7 Kxg5 1/2-1/2

[Event "IND-ch U15"]
[Site "Kolkata"]
[Date "2018.07.21"]
[Round "7"]
[White "Aditya, Bikram Paul"]
[Black "Kushagra, Mohan"]
[Result "0-1"]
[WhiteElo "1755"]
[BlackElo "2309"]
[PlyCount "76"]
[EventDate "2018.07.17"]
[EventType "swiss"]
[EventRounds "11"]
[EventCountry "IND"]
[SourceTitle "CBM 186 Extra"]
[Source "ChessBase"]
[SourceDate "2018.08.24"]
[SourceVersion "1"]
[SourceVersionDate "2018.08.24"]
[SourceQuality "1"]

1. c4 Nf6 2. g3 g6 3. Bg2 Bg7 4. Nc3 c5 5. e4 d6 6. Nge2 Nc6 7. d3 0-0 8. 0-0 a6 9. h3 Rb8 10. a4 Ne8 11. Be3 Nc7 12. d4 cxd4 13. Nxd4 Ne6 14. Nde2 Nc5 15. Rb1 a5 16. f4 Nb4 17. b3 b6 18. Nd5 Nxd5 19. cxd5 f5 20. Nd4 Bxd4 21. Bxd4 Nxe4 22. Bxe4 fxe4 23. g4 Ba6 24. Rf2 Bd3 25. Rc1 Qe8 26. f5 Qf7 27. Qd2 Qxd5 28. Bb2 Qxb3 29. fxg6 Rxf2 30. gxh7+ Kxh7 31. Qxf2 e3 32. Qh4+ Kg8 33. Qh8+ Kf7 34. Qg7+ Ke6 35. g5 e2 36. Kh2 Kd7 37. h4 Rc8 38. Rxc8 e1Q 0-1